000
00341nam a2200145Ia 4500
003
OSt
005
20240329112344.0
008
170524s9999 xx 000 0 und d
020
_a
9389347149
040
_c
IIMTU MEERUT
100
_a
Batacharjee
245
0
_a
Essentials Of Financial Accounting
260
_a
New Delhi: PHI
942
_2
ddc
_c
02
999
_c
3245
_d
3245